[Event "54. Miedzynarodowy Festiwal Szachowy im. Akiby Rubinsteina<br/>OPEN A "]
[Site "Polanica-Zdroj"]
[Date "1899-12-30"]
[Round "2.16"]
[White "Duda, Lucas"]
[Black "Okrucinski, Tadeusz"]
[Result "1/2-1/2"]
[WhiteTitle ""]
[BlackTitle "FM"]
[WhiteElo "1874"]
[BlackElo "2182"]

1. e4 c5 2. Nf3 d6 3. d4 cxd4 4. Nxd4 Nf6 5. Nc3 Nc6 6. Bg5 e6 7. Qd2 a6 8. O-O-O
h6 9. Bxf6 gxf6 10. f4 Nxd4 11. Qxd4 Be7 12. Bc4 Bd7 13. Rhe1 Rc8 14. Bb3 Qc7
15. f5 Qc5 16. Qd2 h5 17. e5 fxe5 18. Ne4 Qb6 19. fxe6 Bxe6 20. Bxe6 fxe6 21.
Nxd6+ Qxd6 22. Qxd6 Bxd6 23. Rxd6 O-O 24. Rxe5 Rf1+ 25. Rd1 Rf2 26. Rd2 Rf1+ 27.
Rd1 Rf2 28. c3 Rxg2 29. Rxh5 Rf8 30. Rd2 Rf1+ 31. Kc2 Rxd2+ 32. Kxd2 Rf2+ 33.
Kc1 1/2-1/2

[Event "54. Miedzynarodowy Festiwal Szachowy im. Akiby Rubinsteina<br/>OPEN A "]
[Site "Polanica-Zdroj"]
[Date "1899-12-30"]
[Round "2.17"]
[White "Zak, Pawel"]
[Black "Sanz Wawer, Daniel"]
[Result "1/2-1/2"]
[WhiteTitle "I"]
[BlackTitle "k"]
[WhiteElo "1721"]
[BlackElo "2180"]

1. b4 Nf6 2. Bb2 d5 3. d4 Bf5 4. e3 e6 5. a3 Nbd7 6. c4 dxc4 7. Bxc4 a5 8. b5 Bd6
9. Nf3 O-O 10. O-O Qe7 11. Nc3 Nb6 12. Bd3 Bxd3 13. Qxd3 Nfd5 14. Ne4 Na4 15.
Rfb1 Nxb2 16. Rxb2 a4 17. Rc2 Ra5 18. Nc5 c6 19. bxc6 Bxc5 20. Rxc5 Rxc5 21. dxc5
bxc6 22. Qc4 Rb8 23. Rc1 Qb7 24. e4 Nf6 25. Qxa4 Qb2 26. Rd1 h6 27. Qxc6 Qc2 28.
Qd6 Rb1 29. Rf1 Nxe4 30. Qd8+ Kh7 31. Qd4 Nc3 32. Qd2 Ne2+ 33. Qxe2 Qxe2 34. Rxb1
Qc2 35. Re1 Qxc5 36. Re3 Qc1+ 37. Ne1 Qa1 38. g3 e5 39. Kg2 f5 40. Nd3 e4 41.
Nf4 g5 42. Ne2 Kg6 43. f3 Qb2 44. Kf2 exf3 45. Rxf3 Qb1 46. Ng1 Qb6+ 47. Kf1 Qb5+
48. Kf2 Qc5+ 49. Kg2 g4 50. Rf2 Qxa3 51. Ne2 h5 52. Nf4+ Kh6 53. Kg1 Qe3 54. Kg2
Qe4+ 55. Kg1 h4 56. gxh4 Qe7 57. h5 Kg5 58. Kg2 Qb7+ 59. Kg1 Kh4 60. Ne2 Qb1+
61. Kg2 Qe4+ 62. Kg1 Qb1+ 63. Kg2 1/2-1/2

[Event "54. Miedzynarodowy Festiwal Szachowy im. Akiby Rubinsteina<br/>OPEN A "]
[Site "Polanica-Zdroj"]
[Date "1899-12-30"]
[Round "2.18"]
[White "Piliczewski, Bogusz"]
[Black "Gospodarczyk, Wojciech"]
[Result "1-0"]
[WhiteTitle "I+"]
[BlackTitle "II"]
[WhiteElo "2112"]
[BlackElo "1523"]

1. d4 d6 2. Nf3 Nd7 3. Bf4 Ngf6 4. h3 g6 5. e3 Bg7 6. c4 O-O 7. Nc3 Re8 8. Be2
Nh5 9. Bh2 f5 10. Ng5 e5 11. Nf3 e4 12. Nd2 Nhf6 13. b4 Qe7 14. c5 d5 15. Nb5
b6 16. Nxc7 Bb7 17. Nxa8 Rxa8 18. Rc1 bxc5 19. bxc5 Bc6 20. Rb1 Nf8 21. Bb5 Bxb5
22. Rxb5 N8d7 23. O-O h5 24. Qa4 g5 25. Rb7 Qe8 26. Rxa7 Rc8 27. Rb1 Nxc5 28.
Qxe8+ Nxe8 29. dxc5 Rxc5 30. Nb3 Rc2 31. Rc1 Rb2 32. Nd4 Bxd4 33. exd4 h4 34.
Be5 1-0

[Event "54. Miedzynarodowy Festiwal Szachowy im. Akiby Rubinsteina<br/>OPEN A "]
[Site "Polanica-Zdroj"]
[Date "1899-12-30"]
[Round "2.19"]
[White "Turski, Bartlomiej"]
[Black "Jaskolka, Tomasz"]
[Result "1/2-1/2"]
[WhiteTitle "I"]
[BlackTitle "k+"]
[WhiteElo "1830"]
[BlackElo "2165"]

1. e4 e6 2. d4 d5 3. Nd2 Nf6 4. e5 Nfd7 5. Bd3 c5 6. c3 Nc6 7. Ne2 cxd4 8. cxd4
f6 9. exf6 Nxf6 10. Nf3 Bd6 11. O-O Qc7 12. Ng3 O-O 13. Re1 Bd7 14. Bb1 Rac8 15.
Bg5 Qb6 16. Ne5 Qxb2 17. Nxd7 Nxd7 18. Be3 Nf6 19. Nh5 g6 20. Nxf6+ Rxf6 21. Bd3
Qa3 22. Bg5 Rf7 23. Rxe6 Nxd4 24. Re1 Nf5 25. Bc2 Bb4 26. Rf1 Bc3 27. Rb1 Nd4
28. Bb3 Nxb3 29. Rxb3 Qc5 30. Be3 d4 31. Rxc3 Qxc3 32. Bxd4 Qc2 33. Qe1 Qc7 34.
Qe6 Rd8 35. Bb2 Qd6 36. Qe3 Rc8 37. Re1 Qb6 38. Bd4 Qd6 39. Bb2 Qb6 40. Bd4 Qa5
41. h4 a6 42. Bb2 Qd5 43. h5 Rc6 44. h6 g5 45. Ba3 Rc8 46. Qe8+ Rf8 47. Qe7 Rf7
48. Qe8+ 1/2-1/2

[Event "54. Miedzynarodowy Festiwal Szachowy im. Akiby Rubinsteina<br/>OPEN A "]
[Site "Polanica-Zdroj"]
[Date "1899-12-30"]
[Round "2.20"]
[White "Kawalko, Adam"]
[Black "Walkusz, Witoslaw"]
[Result "1/2-1/2"]
[WhiteTitle "I"]
[BlackTitle "FM"]
[WhiteElo "1869"]
[BlackElo "2121"]

1. e4 e5 2. Nf3 Nc6 3. Bc4 Nf6 4. d3 h6 5. Nbd2 a6 6. c3 b5 7. Bb3 d5 8. O-O dxe4
9. Nxe4 Be7 10. Re1 O-O 11. Ng3 Bd6 12. d4 exd4 13. Nxd4 Nxd4 14. Qxd4 c5 15.
Qh4 Ng4 16. Qxd8 Rxd8 17. h3 Nf6 18. Be3 Bb7 19. Nf5 Bf8 20. f3 Nd5 21. Bd2 c4
22. Bd1 Nb4 23. Be3 Nd3 24. Re2 Rd5 25. Nd4 Re8 26. b4 cxb3 27. axb3 b4 28. Bc2
Nc5 29. cxb4 Rxd4 30. bxc5 Rb4 31. Rae1 Rxe3 32. Rxe3 Bxc5 33. Kf1 Bxe3 34. Rxe3
Kf8 35. Ke2 Bd5 36. Kd2 Rb6 37. Kc3 1/2-1/2

[Event "54. Miedzynarodowy Festiwal Szachowy im. Akiby Rubinsteina<br/>OPEN A "]
[Site "Polanica-Zdroj"]
[Date "1899-12-30"]
[Round "2.21"]
[White "Kejna, Piotr"]
[Black "Goslawski, Michal"]
[Result "0-1"]
[WhiteTitle "CM"]
[BlackTitle "k"]
[WhiteElo "1655"]
[BlackElo "2110"]

1. e4 e5 2. Nf3 Nf6 3. Nxe5 d6 4. Nf3 Nxe4 5. Nc3 Nxc3 6. dxc3 Be7 7. Be3 O-O 8.
Qd2 c6 9. c4 Nd7 10. O-O-O Ne5 11. Bd4 f6 12. Bd3 Be6 13. b3 a5 14. a4 Qc7 15.
Rde1 Bf7 16. Rhg1 Rfe8 17. Nh4 Nxd3+ 18. cxd3 c5 19. Bc3 d5 20. g4 d4 21. Bb2
Bd6 22. Kc2 Bxh2 23. Rxe8+ Rxe8 24. Rh1 Bf4 25. Qd1 Qe5 26. Kb1 Qe2 27. Qxe2 Rxe2
28. Rf1 Be6 29. Ng2 Bg3 30. fxg3 Rxg2 31. Re1 Kf7 32. Bc1 Rxg3 33. Bf4 Rxd3 34.
Kc2 Rc3+ 35. Kb2 36. Bxg4 37. Bd6 Bf5 38. Bxc5 Rc2+ 39. Ka3 d3 40. Be3 h5 0-1

[Event "54. Miedzynarodowy Festiwal Szachowy im. Akiby Rubinsteina<br/>OPEN A "]
[Site "Polanica-Zdroj"]
[Date "1899-12-30"]
[Round "2.22"]
[White "Bilczewski, Kacper"]
[Black "Sacharewicz, Krzysztof"]
[Result "1-0"]
[WhiteTitle "k+"]
[BlackTitle "I++"]
[WhiteElo "2089"]
[BlackElo "1775"]

1. e4 c6 2. d3 d5 3. Nd2 e5 4. Ngf3 Bd6 5. g3 Nf6 6. Bg2 O-O 7. O-O Re8 8. c3 Nbd7
9. Qc2 Nf8 10. Re1 Qc7 11. Nf1 h6 12. Ne3 Ng4 13. Nf5 Bxf5 14. exf5 Bc5 15. d4
exd4 16. Rxe8 Rxe8 17. cxd4 Bd6 18. h3 Nf6 19. g4 Ne4 20. Be3 Nd7 21. a3 Bf4 22.
Re1 Nef6 23. Qc1 Bxe3 24. Rxe3 Qb8 25. Qe1 Rxe3 26. Qxe3 Qe8 27. Ne5 Nh7 28. Qf4
Nb6 29. Bf1 Qb8 30. Qe3 Qe8 31. Bd3 f6 32. Ng6 Qxe3 33. fxe3 Nf8 34. Nf4 Nc4 35.
Bxc4 dxc4 36. Kf2 Kf7 37. e4 Nh7 38. h4 Nf8 39. Ke3 b5 40. e5 g5 41. e6+ Ke7 42.
hxg5 hxg5 43. Ne2 a5 44. d5 cxd5 45. Nc3 Nxe6 46. Nxd5+ Kd6 47. fxe6 1-0

[Event "54. Miedzynarodowy Festiwal Szachowy im. Akiby Rubinsteina<br/>OPEN A "]
[Site "Polanica-Zdroj"]
[Date "1899-12-30"]
[Round "2.23"]
[White "Mazalon, Mariusz"]
[Black "Rak, Maciej"]
[Result "1/2-1/2"]
[WhiteTitle "k"]
[BlackTitle "I"]
[WhiteElo "2055"]
[BlackElo "1759"]

1. d4 d5 2. c4 e6 3. Nf3 Nf6 4. g3 dxc4 5. Bg2 a6 6. a4 Nc6 7. O-O Rb8 8. e3 Be7
9. Qe2 b5 10. Rd1 Bb7 11. axb5 axb5 12. Nc3 Nb4 13. b3 Nbd5 14. Nxb5 cxb3 15.
e4 Nxe4 16. Qxe4 Nc3 17. Qd3 Nxd1 18. Bf4 Bd6 19. Nxd6+ cxd6 20. Rxd1 Bd5 21.
Nd2 Bxg2 22. Kxg2 O-O 23. Nxb3 Qb6 24. Nd2 Qc6+ 25. Qf3 Qxf3+ 26. Kxf3 Rb6 27.
g4 Re8 28. Kg2 e5 29. dxe5 dxe5 30. Be3 Rb4 31. f3 Rb2 32. Kg3 Rd8 33. Ra1 f5
34. gxf5 Rdxd2 35. Bxd2 Rxd2 36. Ra7 Re2 37. h4 e4 38. fxe4 Rxe4 1/2-1/2

[Event "54. Miedzynarodowy Festiwal Szachowy im. Akiby Rubinsteina<br/>OPEN A "]
[Site "Polanica-Zdroj"]
[Date "1899-12-30"]
[Round "2.24"]
[White "Antoniewicz, Jakub"]
[Black "Rogacewicz, Mikolaj"]
[Result "1/2-1/2"]
[WhiteTitle "II+"]
[BlackTitle "I+"]
[WhiteElo "1769"]
[BlackElo "2009"]

1. d4 e6 2. Bf4 Nf6 3. e3 d5 4. Nf3 c5 5. c3 Nc6 6. Nbd2 Bd6 7. Ne5 Qc7 8. Bb5
Nd7 9. Ndf3 f6 10. Nd3 cxd4 11. Bxd6 Qxd6 12. exd4 O-O 13. O-O e5 14. Bxc6 bxc6
15. Nb4 e4 16. Nd2 f5 17. f4 a5 18. Nc2 Ba6 19. Rf2 c5 20. Nb3 Bd3 21. Nxc5 Nxc5
22. dxc5 Qxc5 23. Nd4 Rf6 24. Qd2 a4 25. Qe3 Qc4 26. a3 Rb8 27. Rd1 Qa2 28. Qc1
g6 29. b3 axb3 30. Rxa2 bxa2 31. Qd2 Rb1 32. Qxa2 Rxd1+ 33. Kf2 Rd6 34. Qb3 Rb1
35. Qa4 Kg7 36. Qa7+ Kh6 37. Qe7 e3+ 38. Kg3 Rbb6 39. Qg5+ Kg7 40. Qe7+ Kh6 41.
Qg5+ 1/2-1/2

[Event "54. Miedzynarodowy Festiwal Szachowy im. Akiby Rubinsteina<br/>OPEN A "]
[Site "Polanica-Zdroj"]
[Date "1899-12-30"]
[Round "2.25"]
[White "Ochmann, Reimund"]
[Black "Jankowski, Aleksander"]
[Result "1-0"]
[WhiteTitle ""]
[BlackTitle "I"]
[WhiteElo "2009"]
[BlackElo "1728"]

1. e4 e6 2. d4 d5 3. Nc3 dxe4 4. Nxe4 Bd7 5. Nf3 Bc6 6. Bd3 Nd7 7. O-O Ngf6 8.
Bg5 Be7 9. Ng3 O-O 10. c3 Bd5 11. b4 a6 12. Re1 Bxf3 13. Qxf3 c6 14. Rad1 Re8
15. Bb1 Nf8 16. h4 h6 17. Bd2 Qb6 18. Nh5 N8h7 19. Re5 Rad8 20. Rde1 Rd5 21. Nf4
Rxe5 22. dxe5 Nd5 23. Nh5 Bf8 24. Bxh7+ Kxh7 25. Qxf7 Qd8 26. c4 Ne7 27. Nf6+
Kh8 28. Nxe8 Qxd2 29. Qxf8+ Ng8 30. Qxg7# 1-0

[Event "54. Miedzynarodowy Festiwal Szachowy im. Akiby Rubinsteina<br/>OPEN A "]
[Site "Polanica-Zdroj"]
[Date "1899-12-30"]
[Round "2.26"]
[White "Lapaj, Mateusz"]
[Black "Pawicka, Magdalena"]
[Result "1-0"]
[WhiteTitle "k+"]
[BlackTitle "I"]
[WhiteElo "2198"]
[BlackElo "1647"]

1. e4 e5 2. Nf3 Nc6 3. Bb5 a6 4. Bxc6 dxc6 5. O-O Qf6 6. d4 exd4 7. Qxd4 Bg4 8.
Nbd2 Qxd4 9. Nxd4 O-O-O 10. N4b3 Ne7 11. f3 Be6 12. Nc5 Ng6 13. Nxe6 fxe6 14.
Nb3 Bd6 15. Be3 Ne5 16. Bd4 Rhg8 17. Bxe5 Bxe5 18. c3 b6 19. Rad1 Rxd1 20. Rxd1
Rd8 21. Rxd8+ Kxd8 22. g3 Kd7 23. Kf2 c5 24. f4 Bf6 25. e5 Be7 26. c4 Kc6 27.
Ke3 b5 28. Kd3 Kb6 29. Nd2 Kc6 30. b3 Kb6 31. g4 Kc6 32. g5 Bf8 33. h4 Kd7 34.
cxb5 axb5 35. h5 Kc6 36. Ne4 Kd7 37. Nc3 Kc6 38. a4 bxa4 39. bxa4 h6 40. Kc4 Be7
41. Ne4 Kb6 42. g6 Bf8 43. Ng3 Kc6 44. a5 Be7 45. f5 exf5 46. Nxf5 Bf8 47. e6
1-0

[Event "54. Miedzynarodowy Festiwal Szachowy im. Akiby Rubinsteina<br/>OPEN A "]
[Site "Polanica-Zdroj"]
[Date "1899-12-30"]
[Round "2.27"]
[White "Dryja, Szymon"]
[Black "Kies, Mariusz"]
[Result "1-0"]
[WhiteTitle "I++"]
[BlackTitle "k"]
[WhiteElo "1878"]
[BlackElo "2043"]

1. Nf3 c5 2. b3 Nf6 3. Bb2 e6 4. e3 b6 5. d4 Bb7 6. Bd3 Be7 7. O-O O-O 8. Nbd2
d5 9. Qe2 Nc6 10. a3 Rc8 11. c4 cxd4 12. exd4 Ba6 13. Rac1 Na5 14. Rfd1 Nb7 15.
Ne5 Nd7 16. Ndf3 Nxe5 17. Nxe5 Bg5 18. Rc3 g6 19. Bc1 dxc4 20. Qg4 Bxc1 21. Rdxc1
f5 22. Qf4 Na5 23. Bxc4 Nxc4 24. bxc4 Bb7 25. Rg3 Rc7 26. h4 Rg7 27. Rcc3 Qe7
28. Rg5 Kh8 29. h5 gxh5 30. Rxg7 Kxg7 31. Rg3+ Kh8 32. Qh6 Rg8 33. Ng6+ Rxg6 34.
Rxg6 Bc6 35. Rxe6 1-0

[Event "54. Miedzynarodowy Festiwal Szachowy im. Akiby Rubinsteina<br/>OPEN A "]
[Site "Polanica-Zdroj"]
[Date "1899-12-30"]
[Round "2.28"]
[White "Cap, Piotr"]
[Black "Budnik, Mateusz"]
[Result "1/2-1/2"]
[WhiteTitle "I"]
[BlackTitle "I++"]
[WhiteElo "1877"]
[BlackElo "2003"]

1. d4 Nf6 2. Nf3 g6 3. Bf4 Bg7 4. h3 O-O 5. e3 d6 6. Be2 Nbd7 7. O-O c5 8. Nbd2
Re8 9. c3 b6 10. a4 a6 11. Nc4 Bb7 12. Qb3 Qc7 13. Rfd1 Rab8 14. Qa3 Nd5 15. Bg3
N7f6 16. Rac1 Ne4 17. Bf4 Rec8 18. b4 Qd8 19. Bd3 cxb4 20. cxb4 Ndf6 21. a5 b5
22. Nb6 Rxc1 23. Rxc1 Nd7 24. Nxd7 Qxd7 25. Rc2 Nf6 26. Nd2 Nd5 27. Bg5 h6 28.
Bh4 g5 29. Bg3 Nf6 30. Be2 Rc8 31. Rxc8+ Qxc8 32. Qb2 Bd5 33. f3 Bb7 34. e4 Nh5
35. Bf2 Nf4 36. Bf1 Kh7 37. Nb3 Ng6 38. Qd2 Qc7 39. Bd3 Bc8 40. Be3 Be6 41. d5
Bd7 42. Nd4 Ne5 43. Nf5 Bxf5 44. exf5 Nxd3 45. Qxd3 Qc3 46. Qd2 Qxd2 47. Bxd2
Bd4+ 48. Kf1 Kg7 49. Ke2 Kf6 50. Kd3 Ke5 51. h4 f6 52. hxg5 fxg5 53. g4 Kxd5 54.
f4 Bf6 55. Be3 gxf4 56. Bxf4 Bg5 57. Bg3 Bc1 58. Bh4 e5 59. fxe6 Kxe6 60. Bg3
Kd5 61. Be1 Ke5 62. Bg3+ Kd5 63. Be1 Bg5 64. Bg3 Be7 65. Bf4 Bf8 66. Bg3 Ke6 67.
Bf4 d5 68. Kc3 d4+ 69. Kxd4 Bxb4 70. Bxh6 Bxa5 71. Kc5 Bd8 72. Bf4 Bf6 73. Kb6
Kd5 74. Kxa6 Kc4 75. g5 Bd4 76. Bd2 Be5 77. g6 Bg7 78. Be1 b4 79. Bxb4 Kxb4 1/2-1/2

[Event "54. Miedzynarodowy Festiwal Szachowy im. Akiby Rubinsteina<br/>OPEN A "]
[Site "Polanica-Zdroj"]
[Date "1899-12-30"]
[Round "2.30"]
[White "Banaszkiewicz, Mikolaj"]
[Black "Fraczek, Weronika"]
[Result "1-0"]
[WhiteTitle "I"]
[BlackTitle "k+"]
[WhiteElo "1984"]
[BlackElo "1844"]

1. f4 d5 2. Nf3 c5 3. b3 Bf5 4. g3 Nc6 5. Bg2 Qd7 6. d4 e6 7. Bb2 b6 8. O-O Nf6
9. e3 Be7 10. Ne5 Nxe5 11. fxe5 Ng4 12. Qe2 h5 13. h3 Nh6 14. c4 Bxb1 15. Raxb1
Nf5 16. cxd5 Rc8 17. dxe6 fxe6 18. Rxf5 exf5 19. d5 Rh7 20. e4 fxe4 21. Qxe4 Rh6
22. e6 Qd8 23. Bxg7 Rf6 24. Bxf6 Bxf6 25. Rf1 Ke7 26. Qh7+ Kd6 27. Rxf6 1-0

[Event "54. Miedzynarodowy Festiwal Szachowy im. Akiby Rubinsteina<br/>OPEN A "]
[Site "Polanica-Zdroj"]
[Date "1899-12-30"]
[Round "2.31"]
[White "Mirski, Michal"]
[Black "Derylo, Kamil"]
[Result "1/2-1/2"]
[WhiteTitle "I"]
[BlackTitle "I"]
[WhiteElo "1981"]
[BlackElo "1833"]

1. e4 c6 2. d4 d5 3. Nd2 dxe4 4. Nxe4 Bf5 5. Ng3 Bg6 6. Nh3 Nf6 7. Nf4 e5 8. Nxg6
hxg6 9. Be3 exd4 10. Bxd4 Nbd7 11. Qf3 Qa5+ 12. c3 O-O-O 13. b4 Qd5 14. Be2 c5
15. bxc5 Qxf3 16. Bxf3 Bxc5 17. Rb1 Bxd4 18. cxd4 Nb6 19. Ne2 Rhe8 20. O-O Ne4
21. Bxe4 Rxe4 22. Rfe1 Rde8 23. Kf1 Nd5 24. f3 R8e6 25. Ng3 Rxe1+ 26. Rxe1 Rxe1+
27. Kxe1 f5 28. Ne2 Kd7 29. Kd2 b5 30. Nc1 Kd6 31. Nd3 Ne7 32. h4 Kd5 33. Kc3
a5 34. Nf4+ Kd6 35. Kb3 Nc6 36. Ne2 Kd5 37. Kc3 Ne7 1/2-1/2

[Event "54. Miedzynarodowy Festiwal Szachowy im. Akiby Rubinsteina<br/>OPEN A "]
[Site "Polanica-Zdroj"]
[Date "1899-12-30"]
[Round "2.32"]
[White "Witwicki, Pawel"]
[Black "Czarniecka, Aleksandra"]
[Result "0-1"]
[WhiteTitle "I+"]
[BlackTitle "k"]
[WhiteElo "1854"]
[BlackElo "1980"]

1. d4 Nf6 2. Nf3 g6 3. Bg5 Bg7 4. Nbd2 c5 5. c3 cxd4 6. cxd4 d5 7. h3 O-O 8. e3
Bf5 9. Be2 Nc6 10. O-O Nd7 11. Qb3 Nb6 12. Rfc1 f6 13. Bh4 Kh8 14. a4 a5 15. Qd1
Nb4 16. Nb3 Nc8 17. Nc5 b6 18. Nd3 Bxd3 19. Bxd3 Nd6 20. Ra3 Ra7 21. Bg3 Re8 22.
Bb1 Nc4 23. Rb3 Qd7 24. Qe2 Qxa4 25. Rbc3 Qd7 26. b3 Nd6 27. Nh4 f5 28. Nf3 Nb5
29. Ne5 Nxc3 30. Rxc3 Bxe5 31. Bxe5+ Kg8 32. Qf3 Nc6 33. Bxf5 Qxf5 34. Qxd5+ Qf7
35. Qxc6 Rf8 36. f3 Raa8 37. Qxb6 a4 38. bxa4 Rxa4 39. Rc7 Ra2 40. Qb7 Re8 41.
d5 Qf5 42. Rxe7 Rxg2+ 43. Kxg2 Qg5+ 44. Kf2 Rxe7 45. Bf4 Qh4+ 46. Bg3 Qxg3+ 47.
Kxg3 Rxb7 48. e4 Rf7 49. f4 Kf8 50. Kf3 Ke7 51. h4 h6 52. Kg4 Kd6 53. Kf3 g5 54.
hxg5 hxg5 55. f5 Ke5 0-1

[Event "54. Miedzynarodowy Festiwal Szachowy im. Akiby Rubinsteina<br/>OPEN A "]
[Site "Polanica-Zdroj"]
[Date "1899-12-30"]
[Round "2.34"]
[White "Lemanski, Piotr"]
[Black "Szylko, Waldemar"]
[Result "0-1"]
[WhiteTitle "II"]
[BlackTitle "k+"]
[WhiteElo "1838"]
[BlackElo "1956"]

1. e4 c6 2. d4 d5 3. Nc3 dxe4 4. Nxe4 Nf6 5. Ng3 h5 6. Bc4 h4 7. N3e2 Bg4 8. f3
Bf5 9. c3 e6 10. Bg5 Qc7 11. g4 hxg3 12. Nxg3 Rxh2 13. N1e2 Rxh1+ 14. Nxh1 Nbd7
15. Bd3 Qh2 16. Nf2 Qh5 17. Bf4 Qxf3 18. Bxf5 exf5 19. Qb3 Nb6 20. a4 Qd5 21.
Qc2 O-O-O 22. a5 Nbd7 23. a6 b6 24. c4 Bb4+ 25. Kf1 Qf3 26. Qxf5 g5 27. Qxg5 Rg8
28. Ng1 Qxf2+ 29. Kxf2 Ne4+ 30. Ke2 Nxg5 31. d5 Re8+ 32. Kf1 f6 33. dxc6 Ne5 34.
Ne2 Nxc6 35. Bg3 Ne4 36. Bh2 Bc5 37. Bf4 Nd4 38. Nxd4 Bxd4 39. Ke2 Bxb2 40. Rg1
Be5 41. Be3 Nc5 0-1

[Event "54. Miedzynarodowy Festiwal Szachowy im. Akiby Rubinsteina<br/>OPEN A "]
[Site "Polanica-Zdroj"]
[Date "1899-12-30"]
[Round "2.35"]
[White "Hetzer, Volkhard"]
[Black "Wasylkiewicz, Andrzej"]
[Result "1/2-1/2"]
[WhiteTitle ""]
[BlackTitle "I"]
[WhiteElo "1949"]
[BlackElo "1816"]

1. d4 d5 2. Nf3 f5 3. c4 c6 4. Bf4 e6 5. Nc3 Nf6 6. Qc2 Be7 7. e3 O-O 8. Be2 Ne4
9. O-O Nd7 10. Nxe4 fxe4 11. Ne5 Nxe5 12. Bxe5 Bd6 13. Bxd6 Qxd6 14. f3 exf3 15.
Bxf3 b6 16. Rac1 Ba6 17. Be2 Bb7 18. Bd3 h6 19. Qe2 Rxf1+ 20. Rxf1 Rf8 21. Rxf8+
Qxf8 22. Qg4 Qf6 23. Qg3 Qd8 24. Qg6 Bc8 25. Be2 Bd7 26. Bg4 Qe7 27. b3 Qf7 28.
Qxf7+ Kxf7 29. cxd5 cxd5 30. Kf2 Kf6 31. Ke2 Bc6 32. Kd2 e5 33. Kc3 a5 34. a3
b5 35. Be2 e4 36. b4 a4 37. Kd2 Kg5 38. Ke1 Bd7 39. Kf2 h5 40. g3 g6 41. h4+ Kh6
42. Kg2 g5 1/2-1/2

[Event "54. Miedzynarodowy Festiwal Szachowy im. Akiby Rubinsteina<br/>OPEN A "]
[Site "Polanica-Zdroj"]
[Date "1899-12-30"]
[Round "2.36"]
[White "Kruczynski, Marek"]
[Black "Schoenau, Helmut"]
[Result "0-1"]
[WhiteTitle "I"]
[BlackTitle ""]
[WhiteElo "1786"]
[BlackElo "1947"]

1. e4 c6 2. d4 d5 3. e5 c5 4. c4 cxd4 5. Nf3 Nc6 6. Nxd4 e6 7. Nxc6 bxc6 8. a3
Ne7 9. Nc3 Qc7 10. f4 g5 11. g3 Ng6 12. Qh5 gxf4 13. gxf4 Qb6 14. Nd1 Qd4 15.
Qf3 Be7 16. Qe3 Qb6 17. Qxb6 axb6 18. Be3 Bh4+ 19. Kd2 c5 20. cxd5 exd5 21. Bb5+
Bd7 22. Bxd7+ Kxd7 23. Ke2 d4 24. Bd2 f6 25. exf6 Rhe8+ 26. Kf3 Bxf6 27. Nf2 Nh4+
28. Kg4 Re2 29. Be1 Rg8+ 30. Kh5 Ng2 31. Nh3 Rxb2 32. a4 c4 33. Bg3 Ne3 34. Ng5
d3 35. Ne4 Bd4 36. a5 Rb5+ 37. Kh6 Ng4+ 38. Kxh7 Rg7+ 0-1

[Event "54. Miedzynarodowy Festiwal Szachowy im. Akiby Rubinsteina<br/>OPEN A "]
[Site "Polanica-Zdroj"]
[Date "1899-12-30"]
[Round "2.37"]
[White "Golecki, Jan"]
[Black "Galant, Ireneusz"]
[Result "1-0"]
[WhiteTitle "I++"]
[BlackTitle "I"]
[WhiteElo "1943"]
[BlackElo "1768"]

1. e4 d6 2. d4 Nf6 3. Nc3 g6 4. Bc4 Bg7 5. Nf3 O-O 6. Qe2 Nc6 7. e5 Ng4 8. h3 Nh6
9. Bg5 dxe5 10. dxe5 Nd4 11. Nxd4 Qxd4 12. Rd1 Qb6 13. Nd5 Qxb2 14. Bc1 Qa1 15.
Bxh6 Qb2 16. Nxe7+ Kh8 17. Bxg7+ Kxg7 18. O-O Qa3 19. Nxc8 Raxc8 20. e6 Rce8 21.
Qe5+ f6 22. Qxc7+ Re7 23. Rd7 Rfe8 24. Qxb7 Qc5 25. Qd5 Qb6 26. Qd6 Qxd6 27. Rxd6
Rc8 28. Bb3 f5 29. Rd7 Kf6 30. Rfd1 Ree8 31. Rxh7 a5 32. f4 g5 33. Rh6+ Kg7 34.
fxg5 Re7 35. Rf6 Rc5 36. Rd7 Rc7 37. Rxc7 Rxc7 38. Rf7+ 1-0

[Event "54. Miedzynarodowy Festiwal Szachowy im. Akiby Rubinsteina<br/>OPEN A "]
[Site "Polanica-Zdroj"]
[Date "1899-12-30"]
[Round "2.38"]
[White "Luberanski, Jakub"]
[Black "Kucharski, Bartlomiej"]
[Result "1-0"]
[WhiteTitle "I"]
[BlackTitle "I+"]
[WhiteElo "1763"]
[BlackElo "1938"]

1. e4 d5 2. exd5 Qxd5 3. Nc3 Qa5 4. d4 Nf6 5. Nf3 Bf5 6. Bd2 c6 7. Ne4 Qc7 8. Nxf6+
gxf6 9. g3 e6 10. Bg2 Nd7 11. O-O O-O-O 12. Nh4 Bg6 13. c4 Nb6 14. Ba5 c5 15.
d5 Bg7 16. Qf3 f5 17. Rad1 Bd4 18. b3 f4 19. Bh3 fxg3 20. hxg3 Kb8 21. dxe6 fxe6
22. Bxe6 Rhf8 23. Bf5 Bxf5 24. Nxf5 Qd7 25. g4 h5 26. Qg3+ Ka8 27. Nxd4 cxd4 28.
g5 h4 29. Qg2 Rf4 30. f3 Qf5 31. Bd2 Rg8 32. Bxf4 Qxf4 33. Rfe1 Nc8 34. Re4 Qf5
35. Rdxd4 Rxg5 36. Rg4 Rxg4 37. Qxg4 Qb1+ 38. Kh2 Qc2+ 39. Kh3 Kb8 40. Rd8 1-0

[Event "54. Miedzynarodowy Festiwal Szachowy im. Akiby Rubinsteina<br/>OPEN A "]
[Site "Polanica-Zdroj"]
[Date "1899-12-30"]
[Round "2.39"]
[White "Szelag, Zuzanna"]
[Black "Tsesler, Yakau"]
[Result "1-0"]
[WhiteTitle "I++"]
[BlackTitle ""]
[WhiteElo "1934"]
[BlackElo "1709"]

1. e4 c5 2. Nf3 a6 3. c3 e6 4. d4 d5 5. exd5 exd5 6. Be2 Nf6 7. Bg5 Be6 8. O-O
Nc6 9. Re1 h6 10. Bf4 Be7 11. dxc5 Bxc5 12. Qc2 O-O 13. Nbd2 Rc8 14. Nb3 Ba7 15.
Qd3 Ne4 16. Nfd4 Re8 17. Rad1 Qf6 18. Bg3 Nxg3 19. Qxg3 Bb8 20. Qf3 Bf4 21. Nxc6
Rxc6 22. Nd4 Rcc8 23. Bd3 Qg5 24. h3 h5 25. Bc2 g6 26. Qd3 Kg7 27. Re2 Re7 28.
Rde1 Rce8 29. Qf3 Qf6 30. Bb3 Bb8 31. Bxd5 Bxd5 32. Qxd5 Rxe2 33. Rxe2 Rxe2 34.
Nxe2 Qe7 35. Kf1 Ba7 36. Nd4 Qc7 37. Nf3 Kg8 38. Ne5 Kg7 39. c4 f6 40. Nd3 Qe7
41. b4 Qf7 42. Qxf7+ Kxf7 43. Ke2 Ke6 44. Nf4+ Kf5 45. Nd5 Ke5 46. Ne3 Kd4 47.
Kd2 Bb8 48. g3 h4 49. gxh4 Bf4 50. c5 a5 51. bxa5 Bxe3+ 52. fxe3+ Kxc5 53. Kd3
Kb5 54. Kd4 Kxa5 55. Kd5 Ka4 56. Ke6 Ka3 57. Kxf6 b5 58. e4 b4 59. e5 Kxa2 60.
e6 b3 61. e7 b2 62. e8=Q b1=Q 63. Qa4+ Kb2 64. Qb4+ Kc1 65. Qxb1+ 1-0

[Event "54. Miedzynarodowy Festiwal Szachowy im. Akiby Rubinsteina<br/>OPEN A "]
[Site "Polanica-Zdroj"]
[Date "1899-12-30"]
[Round "2.40"]
[White "Wieczorek, Mikolaj"]
[Black "Klein, Gernot, Dr."]
[Result "1/2-1/2"]
[WhiteTitle "I"]
[BlackTitle "m"]
[WhiteElo "1757"]
[BlackElo "1922"]

1. e4 c5 2. Nf3 e6 3. d4 cxd4 4. Nxd4 a6 5. c4 Nf6 6. Nc3 Bb4 7. Qd3 Qc7 8. Be3
Ng4 9. Be2 Nxe3 10. Qxe3 Nc6 11. Nxc6 dxc6 12. O-O O-O 13. a3 Bd6 14. f4 Qe7 15.
b4 c5 16. e5 Bb8 17. bxc5 Ba7 18. Na4 Bd7 19. Nb6 Bc6 20. Rad1 Rad8 21. Rd6 Bxb6
22. cxb6 Rxd6 23. exd6 Qxd6 24. Rd1 Qe7 25. c5 Rd8 26. Rxd8+ Qxd8 27. Qe5 g6 28.
Bf3 Bxf3 29. gxf3 Qd1+ 30. Kg2 h5 31. h4 Kh7 32. c6 Qc2+ 33. Kg3 Qb1 34. cxb7
Qg1+ 35. Kh3 1/2-1/2

[Event "54. Miedzynarodowy Festiwal Szachowy im. Akiby Rubinsteina<br/>OPEN A "]
[Site "Polanica-Zdroj"]
[Date "1899-12-30"]
[Round "2.41"]
[White "Jablonski, Miroslaw"]
[Black "Trusz, Julia"]
[Result "1-0"]
[WhiteTitle "I++"]
[BlackTitle "I+"]
[WhiteElo "1915"]
[BlackElo "1684"]

1. d4 Nf6 2. Nf3 d5 3. e3 Bf5 4. c4 c6 5. Nc3 e6 6. Bd3 Bxd3 7. Qxd3 Nbd7 8. O-O
Be7 9. e4 dxe4 10. Nxe4 Nxe4 11. Qxe4 Nf6 12. Qe2 O-O 13. Rd1 Qc7 14. Ne5 Rad8
15. Bf4 Qc8 16. a3 Nd7 17. b4 Nxe5 18. Bxe5 Bd6 19. Rd3 f6 20. Bg3 Bxg3 21. hxg3
Rd6 22. Rad1 Rfd8 23. f4 a6 24. Qe4 Qd7 25. Kf2 b5 26. c5 Rd5 27. Ke3 Re8 28.
Kd2 Qf7 29. Re1 Qe7 30. Kc3 f5 31. Qe2 Qf7 32. Re3 Qf6 33. Rxe6 Qxd4+ 34. Kc2
Rf8 35. Re8 Rd8 36. Qe6+ Kh8 37. Rxd8 Qxd8 38. Qxc6 Qd4 39. Qf3 Rd8 40. Qe2 h6
41. Rd1 Qf6 42. Qe5 Qf8 43. Rxd8 Qxd8 44. c6 1-0